The Nicknames of Jude - Statistics

General Stats
  • This quiz has been taken 2 times
  • The average score is 3 of 30
Answer Stats
Answer % Correct
Jud
100%
Jick
50%
Jigga
50%
Lyle
50%
Charlie
0%
Chunder
0%
Chundermith
0%
Crum
0%
Cumslut
0%
Ethan
0%
Fat
0%
Gerund
0%
Gronigan
0%
Jalalabad
0%
James
0%
Jiggy
0%
Jim
0%
Jimminey
0%
Jimminey Brickets
0%
Joog
0%
Jooga
0%
Joom
0%
Jude
0%
Jude Bin Laden
0%
Jude Jorgi
0%
Jude J. Smith
0%
Jude Mk. 2
0%
Jum
0%
O. Jude Simpson
0%
Sleepy Jude
0%
No matching quizzes found
Score Distribution
Percent of People with Each Score
Percentile by Number Answered
Your Score History
You have not taken this quiz